=LDR 00000nam 2200000 4500 =001 INLIS000000000026599 =005 20130612125030 =008 ***********************************Ind** =035 ##$$0010-061300000026599 =041 ##$$a Ind =082 ##$$a 2X3.52 =090 ##$$a 2X3.52, Abd k =100 ##$$a Abdirahim, Asyaraf =245 ##$$a Kubur yang menati, Kehidupan sedih dan gambaran di lama kubur, Asyraf bin abdirrahman; Penerjemah Sarbeni =260 ##$$a 2005 $b Bogor =300 ##$$a xvii, 190 hlm, 18 cm =650 ##$$a Alam kubur =850 ##$$a NBPNMAT =990 ##$$a 0001/BPAP-NTB/2016